| 000 | 00680nam a2200229 a 4500 | ||
|---|---|---|---|
| 005 | 20210219153419.0 | ||
| 008 | 991125n 000 0 u | ||
| 035 | _aUPN01000097772 | ||
| 100 | _aTyson, Madalyn E. | ||
| 222 | _aEDUCATION AND TRAINING IN MENTAL RETARDATION | ||
| 245 | _aA retrostpective evaluation of behavioral programming in an institutional setting | ||
| 300 | _a179-189 | ||
| 362 | _a26, No. 2, 1991 | ||
| 505 | _aEnero 1992 | ||
| 653 | 0 | _aCAMBIO DE CONDUCTA | |
| 653 | 0 | _aMODIFICACION DE LA CONDUCTA | |
| 653 | 0 | _aPERSONAL INSTITUCIONALIZADO | |
| 653 | 0 | _aRETRASO MENTAL | |
| 700 | _aSpooner, Fred | ||
| 904 |
_aAC _b035583 |
||
| 905 | _aArticulo | ||
| 999 |
_c76301 _d76301 |
||